La familia en el siglo XXI: investigaciones y reflexiones desde América Latina 2006

Salvato in:
Dettagli Bibliografici
Autore principale: Zicavo Martínez, Nelson
Natura: Libro
Lingua:spagnolo
Pubblicazione: Concepción Universidad del Bio-Bio 2007
Soggetti:
Tags: Aggiungi Tag
Nessun Tag, puoi essere il primo ad aggiungerne!!

MARC

LEADER 00000cam a2200000 a 4500
001 UCF0667
003 CL-VaPUC
005 20240401121852.0
008 120531e20070100CL |||||||||||||||||spa|d
999 |c 347849  |d 347847 
020 |a 9567813566 
040 |c Pontificia Universidad Católica de Valparaíso 
082 0 4 |a 306.85 ZIC 2007   |2 21 
100 0 |a Zicavo Martínez, Nelson  |9 562381 
245 1 3 |a La familia en el siglo XXI: investigaciones y reflexiones desde América Latina 2006 
260 |a Concepción  |b Universidad del Bio-Bio  |c 2007 
300 |a 338 páginas 
583 |a last modification  |c 20180227 02:18:40  |k Rodrigo Vera 
650 0 |a Familias   |9 255641 
650 0 |a Antropología cultural y social   |9 265143 
942 |c BK  |2 ddc 
945 |d 20120531 00:00:00  |a dcastane 
952 |0 0  |1 0  |2 ddc  |4 0  |6 306_850000000000000_ZIC_2007  |7 0  |8 A  |9 449537  |a BIBHIS  |b BIBHIS  |d 2019-11-22  |i 486672K  |o 306.85 ZIC 2007  |p 486672K  |r 2025-01-20  |t 1  |w 2019-11-22  |y BK  |k HIS